The philosophy of space and time (Record no. 63689)

MARC details
000 -LEADER
fixed length control field 00504nam a2200181Ia 4500
008 - FIXED-LENGTH DATA ELEMENTS--GENERAL INFORMATION
fixed length control field 191130s1957##################000#0#eng##
020 ## - INTERNATIONAL STANDARD BOOK NUMBER
ISBN 9780486604435
082 ## - DEWEY DECIMAL CLASSIFICATION NUMBER
Classification number 530.1 REI
100 ## - MAIN ENTRY--AUTHOR NAME
Personal name Reichenbach, Hans
245 ## - TITLE STATEMENT
Title The philosophy of space and time
Statement of responsibility, etc Hans Reichenbach
260 ## - PUBLICATION, DISTRIBUTION, ETC. (IMPRINT)
Place of publication Mineola, NY
Name of publisher Dover Publications
Year of publication 1957
300 ## - PHYSICAL DESCRIPTION
Number of Pages xvi, 295p
650 ## - SUBJECT ADDED ENTRY--TOPICAL TERM
Topical Term Physics-space and time
991 ## -
-- 242945
Holdings
Withdrawn status Lost status Damaged status Not for loan Home library Current library Shelving location Date acquired Full call number Accession Number Price effective from Koha item type
        Anna Centenary Library Anna Centenary Library 5TH FLOOR, A WING 09.10.2020 530.1 REI 444864 09.10.2020 English Books

Find us on the map